| 000 | 00572nam a2200193 a 4500 | ||
|---|---|---|---|
| 003 | PILC | ||
| 005 | 20160216092058.0 | ||
| 008 | 061103s19uu xx 00 eng d | ||
| 020 | _a9780078136047 | ||
| 050 |
_aBF 713 _b.F74 2014 |
||
| 245 |
_aHuman development / _cedited by Karen L. Freiberg |
||
| 250 | _bAnnual edition. | ||
| 260 |
_aNew York : _bMcGraw-Hill, Inc, _c2014. |
||
| 300 |
_a184 pages : _billustrations ; _c28 cm. |
||
| 650 | _aDevelopmental psychology. | ||
| 700 | _aCrandell, Thomas L. | ||
| 700 | _aCrandell, Corinne Haines. | ||
| 942 |
_cBK _2lcc _kFOR |
||
| 999 |
_c283728 _d283728 |
||